000 00368nam a2200145Ia 4500
008 230917s9999||||xx |||||||||||||| ||und||
040 _e84807
_aMAIN
041 _aEnglish
082 _a372.12 W691B
100 _aWilson, John A
245 0 _aBanneker: a case study of educational change
260 _aHomewood
_bE T C
_c1973
300 _avii, 120 p.
942 _cBK
999 _c192772
_d192772